| 000 | 00613nam a2200229Ia 4500 | ||
|---|---|---|---|
| 005 | 20250508165152.0 | ||
| 008 | 008 250505s9999 xx 000 0 eng d | ||
| 020 | _a0-393-96920-7 | ||
| 037 | _aTextual | ||
| 040 |
_aFEDL _beng _cFEDL |
||
| 041 |
_aeng _2eng |
||
| 084 |
_a530, SEA _qFEDL |
||
| 100 |
_aSears Francis W and others _9780060 |
||
| 245 | 0 | _aCollege physics | |
| 250 | _a7 | ||
| 260 |
_aMassachusetts, USA _bAddison- Wesley Publishing Company _c1991 |
||
| 300 | _axvii,1060p. | ||
| 365 |
_aUSD _b123 |
||
| 546 | _aRSPEE | ||
| 942 |
_cTEXL _h530, SEA |
||
| 999 |
_c1393549 _d1393549 |
||